<?xml version="1.0" encoding="UTF-8"?><?xml-stylesheet type="text/xsl" href="static/style.xsl"?><OAI-PMH xmlns="http://www.openarchives.org/OAI/2.0/" xmlns:xsi="http://www.w3.org/2001/XMLSchema-instance" xsi:schemaLocation="http://www.openarchives.org/OAI/2.0/ http://www.openarchives.org/OAI/2.0/OAI-PMH.xsd"><responseDate>2026-06-07T11:29:02Z</responseDate><request verb="GetRecord" identifier="oai:docta.ucm.es:20.500.14352/33917" metadataPrefix="marc">https://docta.ucm.es/rest/oai/request</request><GetRecord><record><header><identifier>oai:docta.ucm.es:20.500.14352/33917</identifier><datestamp>2025-03-18T13:25:15Z</datestamp><setSpec>com_20.500.14352_14</setSpec><setSpec>col_20.500.14352_15</setSpec></header><metadata><record xmlns="http://www.loc.gov/MARC21/slim" xmlns:dcterms="http://purl.org/dc/terms/" xmlns:xsi="http://www.w3.org/2001/XMLSchema-instance" xmlns:doc="http://www.lyncode.com/xoai" xsi:schemaLocation="http://www.loc.gov/MARC21/slim http://www.loc.gov/standards/marcxml/schema/MARC21slim.xsd">
   <leader>00925njm 22002777a 4500</leader>
   <datafield ind2=" " ind1=" " tag="042">
      <subfield code="a">dc</subfield>
   </datafield>
   <datafield ind2=" " ind1=" " tag="720">
      <subfield code="a">Barndok, Helen</subfield>
      <subfield code="e">author</subfield>
   </datafield>
   <datafield ind2=" " ind1=" " tag="720">
      <subfield code="a">Cortijo, Luis</subfield>
      <subfield code="e">author</subfield>
   </datafield>
   <datafield ind2=" " ind1=" " tag="720">
      <subfield code="a">Hermosilla Redondo, María Daphne</subfield>
      <subfield code="e">author</subfield>
   </datafield>
   <datafield ind2=" " ind1=" " tag="720">
      <subfield code="a">Negro Álvarez, Carlos Manuel</subfield>
      <subfield code="e">author</subfield>
   </datafield>
   <datafield ind2=" " ind1=" " tag="720">
      <subfield code="a">Blanco Suárez, María Ángeles</subfield>
      <subfield code="e">author</subfield>
   </datafield>
   <datafield ind2=" " ind1=" " tag="260">
      <subfield code="c">2014</subfield>
   </datafield>
   <datafield ind2=" " ind1=" " tag="520">
      <subfield code="a">This paper denotes the importance of operational parameters for the feasibility of ozone (O3) oxidation for the treatment of wastewaters containing 1,4-dioxane. Results show that O3 process, which has formerly been considered insufficient as a sole treatment for such wastewaters, could be a viable treatment for the degradation of 1,4-dioxane at the adequate operation conditions. The treatment of both synthetic solution of 1,4-dioxane and industrial wastewaters, containing 1,4-dioxane and 2-methyl-1,3-dioxolane (MDO), showed that about 90% of chemical oxygen demand can be removed and almost a total removal of 1,4-dioxane and MDO is reached by O3 at optimal process conditions. Data from on-line Fourier transform infrared spectroscopy provides a good insight to its different decomposition routes that eventually determine the viability of degrading this toxic and hazardous compound from industrial waters. The degradation at pH>9 occurs faster through the formation of ethylene glycol as a primary intermediate; whereas the decomposition in acidic conditions (pH&lt;5.7) consists in the formation and slower degradation of ethylene glycol diformate.</subfield>
   </datafield>
   <datafield ind1="8" ind2=" " tag="024">
      <subfield code="a">Barndõk, Helen, et al. «Removal of 1,4-Dioxane from Industrial Wastewaters: Routes of Decomposition under Different Operational Conditions to Determine the Ozone Oxidation Capacity». Journal of Hazardous Materials, vol. 280, septiembre de 2014, pp. 340-47. DOI.org (Crossref), https://doi.org/10.1016/j.jhazmat.2014.07.077</subfield>
   </datafield>
   <datafield ind1="8" ind2=" " tag="024">
      <subfield code="a">0304-3894</subfield>
   </datafield>
   <datafield ind1="8" ind2=" " tag="024">
      <subfield code="a">10.1016/j.jhazmat.2014.07.077</subfield>
   </datafield>
   <datafield ind1="8" ind2=" " tag="024">
      <subfield code="a">https://hdl.handle.net/20.500.14352/33917</subfield>
   </datafield>
   <datafield ind1="8" ind2=" " tag="024">
      <subfield code="a">https://doi.org/10.1016/j.jhazmat.2014.07.077</subfield>
   </datafield>
   <datafield ind2="0" ind1="0" tag="245">
      <subfield code="a">Removal of 1,4-dioxane from industrial wastewaters: routes of decomposition under different operational conditions to determine the ozone oxidation capacity.</subfield>
   </datafield>
</record></metadata></record></GetRecord></OAI-PMH>